Statistiques concernant Football quiz n°19

Cliquez ici pour prendre le quiz!

Statistiques générales

  • Ce quiz a été pris 130 fois
  • Le résultat moyen est 6 sur 15

Statistiques - réponses

QuestionsRéponses% Correct
Meilleur buteur de la sélection brésilienneNeymar Jr
81%
Nombre de titre en Seria pour le Napoli3
79%
Duo colombien redoutable a l'Atalanta BergameMuriel / Zapata
60%
Vainqueur de la Coupe de France en 2022/2023Toulouse FC
50%
Un "Sofiane" ayant joué a Valence et GalatasarayFeghouli
44%
Milieu croate passé par la Ligue 1Lovro Majer
42%
Champion d'EFL Championship en 22/23Burnley
38%
Buteur marocain contre le Portugal a la CDM 2022En-Nesyri
32%
Defenseur passé par Schalke 04 et l'AS MonacoNaldo
32%
1er club de Sead KolasinacSchalke 04
25%
Nationalité de Sheraldo Becker (Union Berlin)Suriname
21%
Stade du Bayer LevrkusenBayArena
14%
Ailier canadien virevoltantTajon Buchanan
14%
Attaquant espagnol du Club BruggesFerran Jutgla
13%
Sénégalais d'Al-ShababHabib Diallo
12%

Distribution des résultats

Percentile par nombre de réponses

% des personnes avec chaque résultat

Votre développement - résultats

Vous n’avez pas pris ce quiz